Los estudios sobre rendimiento educativo en Argentina.

I tiakina i:
Ngā taipitopito rārangi puna kōrero
Kaituhi matua: Tasso, Alberto (autor)
Hōputu: Tē mōhiotia
Reo:Pāniora
Ngā marau:
Urunga tuihono:Ver documento en línea
Ngā Tūtohu: Tāpirihia he Tūtohu
Kāore He Tūtohu, Me noho koe te mea tuatahi ki te tūtohu i tēnei pūkete!

MARC

LEADER 00000c**#a2200000ua#4500
001 000501297
003 DLC
005 20260413000000.0
008 070820c^^^^9999^^^^r1^^^^^^^^0^^^^0spa^d
009 20260413194146.298
022 |a 01851284 
035 |a FCE 000045473 
037 |a Acervo ITESO - Biblioteca 
041 |a spa 
095 |a RLEE  |b 81-4-125. 
100 |a Tasso, Alberto  |e (autor) 
245 1 5 |a Los estudios sobre rendimiento educativo en Argentina. 
264 |a México :  |b Centro de Estudios Educativos,  |c 1981. 
336 |a texto  |b txt  |2 rdacontenido 
337 |a sin mediación  |b n  |2 rdamedio 
338 |a volumen  |b nc  |2 rdasoporte 
649 |a XX 
650 |a Rendimiento de la educación 
650 |a Argentina 
740 |g vol. 11, no. 4, 1981, pp. 125-132.  |t Revista Latinoamericana de Estudios Educativos. Informes y notas, 
856 4 0 |u https://www.cee.edu.mx/rlee/revista/r1981_1990/r_texto/t_1981_4_09.pdf  |y Ver documento en línea 
910 |a Fondo Centro de Estudios Educativos 
920 |a Impresos - Libros 
930 |a Fondos Especiales 
905 |a 133 
902 |a https://opac.biblio.iteso.mx/vufind/Record/000501297